000 00428nam a2200157 4500
001 123662
003 ES-MaACL
005 20230906192221.0
007 t|
008 070214s1925 sp r ||||1| spa d
100 1 _aRaida, Pedro.
_995023
245 1 0 _aNovio de Sevilla
_b: cuento representable /
_cPedro Raida.
260 _aSevilla :
_bM. Carmona,
_c1925.
300 _a46 p. ;
_c19 x 12 cm.
852 _aES-MaACL
_j1690-F-19
999 _c123662
_d123662